UBT Library

The language of medicine / (Record no. 42317)

000 -LEADER
fixed length control field 00768cam a22002657a 4500
001 - CONTROL NUMBER
control field 14882940
005 - DATE AND TIME OF LATEST TRANSACTION
control field 20180212043406.0
008 - FIXED-LENGTH DATA ELEMENTS--GENERAL INFORMATION
fixed length control field 070607s2007 moua b 001 0 eng d
010 ## - LIBRARY OF CONGRESS CONTROL NUMBER
LC control number 2007276643
020 ## - INTERNATIONAL STANDARD BOOK NUMBER
International Standard Book Number 1416034927 (softcover)
020 ## - INTERNATIONAL STANDARD BOOK NUMBER
International Standard Book Number 9781416034926 (softcover)
035 ## - SYSTEM CONTROL NUMBER
System control number (OCoLC)ocm85855072
040 ## - CATALOGING SOURCE
Original cataloging agency NSB
Transcribing agency NSB
Modifying agency NSB
-- YDXCP
-- BAKER
-- CUX
-- DLC
041 ## - LANGUAGE CODE
Language code of text/sound track or separate title eng
042 ## - AUTHENTICATION CODE
Authentication code lccopycat
080 ## - UNIVERSAL DECIMAL CLASSIFICATION NUMBER
Universal Decimal Classification number 61 cha
082 ## - DEWEY DECIMAL CLASSIFICATION NUMBER
Edition number 61 cha
100 1# - Rafti
Rafti 3
101 ## - Shkurtesa
Shkurtesa shm
245 14 - TITLE STATEMENT
Title The language of medicine /
Statement of responsibility, etc Davi-Ellen Chabner.
504 ## - BIBLIOGRAPHY, ETC. NOTE
Bibliography, etc Includes bibliographical references and index.
906 ## - LOCAL DATA ELEMENT F, LDF (RLIN)
a 7
b cbc
c copycat
d 2
e ncip
f 20
g y-gencatlg
942 ## - ADDED ENTRY ELEMENTS (KOHA)
Source of classification or shelving scheme
Item type Books
Holdings
Withdrawn status Lost status Source of classification or shelving scheme Damaged status Not for loan Collection code Permanent location Current location Shelving location Date acquired Total Checkouts Full call number Barcode Date last seen Price effective from Koha item type
          Koleksioni i përgjithshem UBT - Lipjan UBT - Lipjan Koleksioni i përgjithshem 02/12/2018   61 cha 002-2998469 02/12/2018 02/12/2018 Books
UBT Library © 2015-2024. All rights reserved University Education for Business and Technology